000 nam a22 a 4500
999 _c704
_d704
005 20170504160505.0
008 170504b1971 xxu||||| |||| 00| 0 eng d
020 _a0804707294
040 _aAKMAL
082 _a158.39 DAV
090 _a158.39
_bDAV
100 _aDavis, John D.
_91501
245 _aThe interview as arena
_bstrategies in standardized interviews and psychotherapy /
_c[by] John D. Davis.
260 _aStanford, Calif.
_bStanford University Press
_c1971.
300 _axv, 204 p.
_billus.
_c23cm
504 _aBibliography: p. [179]-195.
599 _aDALAM PROSES
650 _aInterviewing in psychiatry.
_91502
650 _aPsychotherapy.
_91503
852 _aBritish Library
_bDSC
852 _aBritish Library
_bHMNTS
942 _2ddc
_cBOOK